000 00225nam a2200097Ia 4500
008 240331s9999 xx 000 0 und d
082 _a082
_bDES
100 _aDe Silva,C.R
245 4 _aThe American Impact on Sri Lanka
942 _cL
999 _c648
_d648